ბათუმის შოთა რუსთაველის სახელმწიფო უნივერსიტეტის ბიბლიოთეკა

ასი ლექსი. (ბიბ.ჩანაწერი № 41760)

000 -LEADER
fixed length control field 00714nam a2200205Ia 4500
001 - CONTROL NUMBER
control field 8441
003 - CONTROL NUMBER IDENTIFIER
control field GE_BSU
008 - FIXED-LENGTH DATA ELEMENTS--GENERAL INFORMATION
fixed length control field 181216s||||||||xx |||||||||||||| ||und||
040 ## - CATALOGING SOURCE
Transcribing agency GE_BSU
080 ## - UNIVERSAL DECIMAL CLASSIFICATION NUMBER
Universal Decimal Classification number 821.353.1-1
100 ## - MAIN ENTRY--PERSONAL NAME
Personal name ვაჟა-ფშაველა
245 ## - TITLE STATEMENT
Title ასი ლექსი.
245 ## - TITLE STATEMENT
Statement of responsibility, etc. შემდგ. და რედ.: ალექსანდრე გომიაშვილი; გიორგი ნატროშვილის წინასიტყვაობით.
260 ## - PUBLICATION, DISTRIBUTION, ETC.
Place of publication, distribution, etc. თბილისი.
260 ## - PUBLICATION, DISTRIBUTION, ETC.
Name of publisher, distributor, etc. საბჭ. მწერალი
260 ## - PUBLICATION, DISTRIBUTION, ETC.
Date of publication, distribution, etc. 1961
300 ## - PHYSICAL DESCRIPTION
Extent 226 გვ; 17 სმ.
653 ## - INDEX TERM--UNCONTROLLED
Uncontrolled term ასი ლექსი.
942 ## - ADDED ENTRY ELEMENTS (KOHA)
Koha item type წიგნი
ეგზემპლარები
Withdrawn status Lost status Damaged status Not for loan Date acquired Barcode Date last seen Price effective from Koha item type
        2018-12-17 30529 2018-12-17 2018-12-17 წიგნი
        2018-12-17 30530 2018-12-17 2018-12-17 წიგნი